| 000 | 00729pam a2200265 i 4500 | ||
|---|---|---|---|
| 005 | 20260322212026.0 | ||
| 008 | data | ||
| 010 | _a 75035880 | ||
| 020 | _a0393074994 | ||
| 020 | _a9780393074994 | ||
| 040 |
_aDLC _cDLC |
||
| 043 | _an-us-ca | ||
| 049 | _aYUSS | ||
| 050 | 0 |
_aHV9306.S42 _bD47 |
|
| 096 | _aWM 270 Sa32j 1976 | ||
| 100 | 1 | _aSales, Grover. | |
| 245 | 1 | 0 |
_aJohn Maher of Delancey Street : _ba guide to peaceful revolution in America / _cby Grover Sales. |
| 250 | _a1st ed. | ||
| 260 |
_aNew York : _bNorton, _cc1976. |
||
| 300 |
_a176 p. : _bill. ; _c22 cm. |
||
| 600 | 1 | 0 |
_aMaher, John, _d1940- |
| 610 | 2 | 0 | _aDelancey Street Foundation. |
| 650 | 0 |
_aHalfway houses _zSan Francisco. _zSan Francisco. |
|
| 001 | data | ||
| 999 |
_c598 _d598 |
||